| 000 -CABECERA |
| Longitud fija campo de control |
00805nam a2200217 i 4500 |
| 003 - IDENTIFICADOR DEL NÚMERO DE CONTROL |
| Identificador del número de control |
OSt |
| 005 - FECHA Y HORA DE LA ÚLTIMA TRANSACCIÓN |
| Fecha y hora de la última transacción |
20211116130343.0 |
| 008 - CÓDIGOS DE INFORMACIÓN DE LONGITUD FIJA |
| Códigos de información de longitud fija |
100125s2008 sp d 000 0 spa d |
| 020 ## - NÚMERO INTERNACIONAL NORMALIZADO PARA LIBROS |
| ISBN cancelado o no válido |
9788498763775 |
| 040 ## - FUENTE DE LA CATALOGACIÓN |
| Centro catalogador de origen |
CDMR |
| Centro transcriptor |
0 |
| Lengua de catalogación |
cat |
| 080 ## - NÚMERO DE LA CLASIFICACIÓN DECIMAL UNIVERSAL |
| Número de la Clasificación Decimal Universal |
343.9(460) |
| 080 ## - NÚMERO DE LA CLASIFICACIÓN DECIMAL UNIVERSAL |
| Número de la Clasificación Decimal Universal |
316.77(460) |
| 245 00 - MENCIÓN DE TÍTULO |
| Título |
Malas noticias, medios de comunicación social, política criminal y garantías penales en España / |
| Mención de responsabilidad, etc. |
Directores: Mercedes García Arán, Joan Botella Corral ; autores: Mercedes García Arán ... [et al.]. |
| 260 ## - PUBLICACIÓN, DISTRIBUCIÓN, ETC. (PIE DE IMPRENTA) |
| Nombre del editor, distribuidor, etc. |
Tirant lo Blanch: |
| Lugar de publicación, distribución, etc. |
Valencia, |
| Fecha de publicación, distribución, etc. |
2008 |
| 300 ## - DESCRIPCIÓN FÍSICA |
| Extensión |
237 pàgines |
| 490 1# - MENCIÓN DE SERIE |
| Mención de serie |
Tirant Monografías ; |
| Designación de volumen o secuencia |
609 |
| 650 #0 - PUNTO DE ACCESO ADICIONAL DE MATERIA - TÉRMINO DE MATERIA |
| Término de materia o nombre geográfico como elemento inicial |
Delicte en els mitjans de comunicació de massa |
| Subdivisión geográfica |
Espanya |
| 9 (RLIN) |
4196 |
| 700 ## - PUNTO DE ACCESO ADICIONAL - NOMBRE DE PERSONA |
| Nombre de persona |
García Arán, Mercedes |
| Término indicativo de función |
dir |
| 9 (RLIN) |
4695 |
| 700 1# - PUNTO DE ACCESO ADICIONAL - NOMBRE DE PERSONA |
| Nombre de persona |
Botella, Joan, |
| Término indicativo de función |
dir |
| 942 ## - ENTRADA DE ELEMENTOS AGREGADOS (KOHA) |
| Fuente de clasificaión o esquema |
|
| Koha [por defecto] tipo de item |
Monografies |